| 000 | 00399nam a2200145Ia 4500 | ||
|---|---|---|---|
| 008 | 230312s9999||||xx |||||||||||||| ||und|| | ||
| 020 | _a1861007272 | ||
| 082 |
_a005.133 _bHAR-J |
||
| 100 | _aDuckett,Jon | ||
| 245 | 0 | _aJava Script & JQuery JavaScript & jQuery : interactive front-end web development | |
| 260 |
_bWrox _aUK _c2002 |
||
| 300 | _a371 | ||
| 650 |
_aComputer _vProgramming |
||
| 942 | _cBK | ||
| 999 |
_c16015 _d16015 |
||